Phrases cultes de films - Statistiques

Statistiques générales
  • Ce quiz a été pris 1 144 fois
  • Le résultat moyen est 8 sur 20
Statistiques - réponses
Hint Réponse % Correct
-Passez moi un chocolat.-Non. -Donnez moi un chocolat. -Pas de bras pas de chocolat. Intouchables
75%
-Il s'appelle Juste Leblanc.-Ah bon, il a pas de prénom ? Le diner de cons
70%
-Ecoute Bernard, j'crois que toi et moi on a un peu le même problème. C'est à dire qu'on peut pas tout miser sur notre physique, surtout toi. Alors si je peux me permettre de te donner un conseil, c'est oublie que tu n'as aucune chance, vas-y fonce, on sait jamais sur un mal entendu ça peut marcher. Les bronzés font du ski
68%
-Maman disait toujours, la vie c'est comme une boîte de chocolat. On ne sait jamais sur quoi on va tomber. Forest Gump
66%
-C'est trop calme, j'aime pas trop beaucoup ça. J'préfère quand c'est un peu trop plus moins calme. Astérix et Obélix mission Cléopatre
63%
-J'aime me beurrer la biscotte. Oss 117
57%
-Remarque moi une fois, je me suis couché à minuit dix. Bonjour comment j'étais fatigué après ... La tour Montparnasse infernale
48%
-ALERTE GENERALEEEE !!!!!! Taxi
48%
-J'aime pas se regard Mav'. -C'est le seul que j'ai. Top Gun
47%
-Prenez un chewing-gum Emile. La cité de la peur
44%
-Martini dry. -Oui Monsieur. -Attendez, 3 mesures de Gordon's, 1 de vodka, 1/2 de Kina Lillet, au shaker, servit glacé avec un zeste de citron très fin. James Bond
39%
-Qu'est-ce que j'ai dis la ? 2,21 gigoWatts ?? 2,21 gigoWatts ?!Mon dieu ! Retour vers le futur
39%
-Avec ou sans patates ?-100 PATATES ! Les trois frères
38%
-Je t'aime plus que trois fois mille. Avengers Endgame
33%
-Dis-moi la Balle tu sais lire ? -Ouaisss -ALORS IL EST OU LE U DE AMBULANCE ? -Ya un U dans amblance ? Rien à déclarer
31%
-Je vois déjà la statue de la liberté. Toute petite bien sur. Titanic
28%
-Ok, Daniel j'ai fais les comptes, tu l'as dansle cul profond tu me dois 200. Nos jours heureux
11%
-Comment j'arrive à rien ce matin.-Oh moi non plus, j'ai tellement mal au crâne j'ai l'impression qu'on m'a roulé dessus. -Oh ouais c'est moi désolé, tu dormais dans le garage quand j'ai rentré la voiture. Fatal Bazooka
10%
Tu connais la différence entre toi et moi ? Sur moi c'est la classe ! Men in black
9%
-¿Dónde está la biblioteca? Deadpool
7%
Aucun quiz correspondant
Distribution des résultats
% des personnes avec chaque résultat
Percentile par nombre de réponses
Votre historique - résultats
Vous n’avez pas pris ce quiz